LEADER 01100nam a2200289 i 4500 001 000000149342 003 CaOOAMICUS 005 20220526162627.0 008 060330s1974 it u000 u ita u 013 $a126662 040 $aSeMil$bita 100 1 $aOrtese, Anna Maria,$d<1914-1998>.$0(OLS)http://semarc/name/42319 245 10$aPoveri e semplici /$cAnna Maria Ortese ; introduzione di Alfonso Gatto. 260 $aMilano :$bBiblioteca Universale Rizzoli,$c1974. 300 $aXIII, 162 p. ;$c18 cm. 490 0 $aBUR ;$v29 490 0 $aBUR. L 500 $aContiene : Nota bibliografica. - Fondo Ciprandi. 830 0$aBUR ;$v29.$0(OLS)http://semarc/title/17764 830 0$aBUR.$0(OLS)http://semarc/title/440060 850 $aSeMil 852 $aSeMil$W1$xVenegono$y1$m1D I 110$j101606$B101606$CSeMilBibl$Z2$F110269 $81 941 1 $a1 961 $aOmaggio: Ciprandi dott. Paolo 996 $6245$aPoveri e semplici$9(OLS)http://semarc/title/218315 996 $6260$aMilano :$bBiblioteca Universale Rizzoli$9(OLS)http://semarc/publisher/31907 LEADER 00970nam a2200229 i 4500 001 000000104957 003 CaOOAMICUS 005 20070202000000.0 008 070202s1979 it u000 u ita u 013 $a77146 040 $aSeMil$bita 240 00$aMons. Arturo Pozzi.$0(OLS)http://semarc/title/152040 245 10$a[Mons. Arturo Pozzi :$b6 luglio 1890 - 31 gennaio 1979]. 260 $aValmadrera :$bParrocchia di Valmadrera,$c1979. 300 $a17 p. :$bill. ;$c24x22 cm. 500 $aNumero speciale di Valmadrera '79, anno 7., Febbraio 1979. 600 14$aPozzi, Arturo .$0(OLS)http://semarc/subject/18281 850 $aSeMil 852 $aSeMil$W1$xVenegono$y1$m5D V 14/30$j61253$B61253$CSeMilBibl$Z2$F120357 $81 961 $aRecupero: Altro 996 $6245$a[Mons. Arturo Pozzi :$b6 luglio 1890 - 31 gennaio 1979]$9(OLS)http://semarc/title/152041 996 $6260$aValmadrera :$bParrocchia di Valmadrera$9(OLS)http://semarc/publisher/44754